[Event "Provincial-ch Valencia Segunda"]
[Site "Valencia"]
[Date "2014.11.22"]
[Round "7.9"]
[White "Vivo Ippolito, Jose Vicente"]
[Black "Bautista Rodriguez, Jose"]
[Result "1-0"]
[WhiteElo "1356"]
[BlackElo "1594"]
[PlyCount "82"]
[EventDate "2014.09.27"]
[EventType "swiss"]
[EventRounds "7"]
[EventCountry "ESP"]
[SourceTitle "EXT 2024"]
[Source "ChessBase"]
[SourceDate "2023.10.10"]
[SourceVersion "1"]
[SourceVersionDate "2023.10.10"]
[SourceQuality "1"]

1. e4 e6 2. d4 d5 3. e5 c5 4. c3 Nc6 5. Nf3 h6 6. Be2 Nge7 7. 0-0 cxd4 8. Nxd4 Bd7 9. Bd3 Nxe5 10. Bb5 Bxb5 11. Nxb5 N7g6 12. Qa4 Nc6 13. Nd4 Qd7 14. Re1 Be7 15. Nd2 0-0 16. N2f3 Qc7 17. Nb5 Qd8 18. Be3 a6 19. Nbd4 Na5 20. Qc2 Nc4 21. Bd2 e5 22. Ne6 fxe6 23. Qxg6 Rf6 24. Qg4 e4 25. Nd4 Ne5 26. Qh3 Qd6 27. Re3 Raf8 28. Re2 Nd3 29. Be3 Nf4 30. Bxf4 Rxf4 31. Qxe6+ Qxe6 32. Nxe6 Rxf2 33. Rxf2 Re8 34. b4 Bf6 35. Nd4 Rc8 36. Rf5 Rxc3 37. Ne2 Rc2 38. Re1 Rxa2 39. Rxd5 Rb2 40. Nf4 Rxb4 41. Kf1 e3 1-0

[Event "Provincial-ch Valencia Segunda"]
[Site "Valencia"]
[Date "2014.10.25"]
[Round "4.10"]
[White "Vivo Ippolito, Jose Vicente"]
[Black "Gimenez Moreno, Juan Francisco"]
[Result "0-1"]
[WhiteElo "1356"]
[BlackElo "1583"]
[PlyCount "102"]
[EventDate "2014.09.27"]
[EventType "swiss"]
[EventRounds "7"]
[EventCountry "ESP"]
[SourceTitle "EXT 2024"]
[Source "ChessBase"]
[SourceDate "2023.10.10"]
[SourceVersion "1"]
[SourceVersionDate "2023.10.10"]
[SourceQuality "1"]

1. e4 c5 2. Nf3 Nc6 3. d4 cxd4 4. Nxd4 d6 5. Nc3 a6 6. Be2 Nf6 7. 0-0 g6 8. Bg5 Bg7 9. Nf3 0-0 10. h3 Bd7 11. a3 h6 12. Be3 b5 13. Rb1 Qc8 14. Kh2 Rd8 15. Rg1 Qc7 16. Nd5 Qb8 17. Nh4 Nxe4 18. Nb6 Ra7 19. Nxd7 Raxd7 20. Qd5 Na7 21. Bxa7 Rxa7 22. Nxg6 Nf6 23. Qb3 d5+ 24. Kh1 fxg6 25. g4 e6 26. Bd3 Kf7 27. c3 Ne4 28. Qc2 Qf4 29. Rg2 Rad7 30. Rf1 Qf3 31. Kg1 Be5 32. Be2 Qf4 33. Bd3 Qg5 34. Qe2 Kg7 35. Rd1 Rf8 36. Bxe4 Rdf7 37. Bc2 Bb8 38. Rf1 Rf6 39. a4 Qh4 40. axb5 Rf3 41. Qxe6 R3f6 42. Qxd5 axb5 43. Qd7+ Kh8 44. Qd4 Kh7 45. Qd7+ R8f7 46. Qxb5 Ba7 47. Bb3 Rxf2 48. Rgxf2 Bxf2+ 49. Rxf2 Qxf2+ 50. Kh1 Qe1+ 51. Kg2 Rf2+ 0-1